000 00564nmm a2200169Ia 4500
008 251105s9999||||xx |||||||||||||||||und||
020 _a9788495107350
041 _aspa
100 _aArellano, Ignacio (ed.)
245 0 _aPoesía satírico-burlesca de Quevedo :
_b Estudio y anotación filológica de los sonetos
264 _a[Madrid, España] :
_bIberoamericana Vervuert,
_c2003
300 _a652 páginas
490 _aBiblioteca Áurea Hispánica
650 _aSpanish literature
856 _uhttps://public.digitaliapublishing.com/a/15376
942 _cCF
999 _c89539
_d89539